000 00343cam a2200145ua 4500
041 _aeng
_h
082 _a828.09
_bMUL/CR
100 _aMullik, B.R.
245 _aCritical Studies Vol.XVII /
_cB R Mullik.
_hTextual Documents
260 _a :
_bChand & Chand ,
_c1965.
300 _a40 ; .
504 _a
942 _cBK
999 _c3384
_d3384